| 000 | 00945nam a2200289Ia 4500 | ||
|---|---|---|---|
| 003 | OSt | ||
| 005 | 20220918171458.0 | ||
| 006 | a|||||r|||| 00| 0 | ||
| 007 | ta | ||
| 008 | 220917b |||||||| |||| 00| 0 eng d | ||
| 020 |
_a9781843347606 (pbk) _c5022.39 |
||
| 024 | _a283,855 | ||
| 037 |
_b7395, 12/02/2015, Efficient Book Distributors _cTextual |
||
| 040 |
_aARTS _cARTS _beng |
||
| 041 |
_2eng _aeng |
||
| 082 | _a2:81, Q3 | ||
| 100 |
_aHibner Holly _936862 |
||
| 245 | 0 |
_aMaking a collection count _b A holistic approach to library collection management |
|
| 250 | _a2nd | ||
| 260 |
_aOxford _bChandos Publication UK _c2013 |
||
| 300 |
_axix, 195p. _ccm. |
||
| 490 | _aChandos : Information professional series | ||
| 650 | _aLIBRARY SCIENCE | ||
| 700 |
_a Kelly Mary _936863 |
||
| 942 |
_h2:81, Q3 _cTEXL _2CC |
||
| 999 |
_c139758 _d139758 |
||